000 00734nam a22002297a 4500
005 20170124110234.0
010 _aB-059824
020 _c300.00
035 _aB-059824
037 _bCen Lib/Ret
040 _aDPL
_bEN
082 _a343.54052
_bBHA
245 _aBharat,s income tax rules /
_cedited by Ravi Puliani [and] Mahesh Puliani
260 _aNew Delhi
_bBharat Law House
_c2001
270 _aT-1/95, Mangolpuri Industrial Area Phase -I
_bNew Delhi
_e110083
300 _aVarious pagings
_c24cm(Hb)
650 _aIncome tax
_zIndia
_941888
650 _aIncome tax--Law and legislation
_941889
700 _920476
_aPuliani, Ravi
700 _aPuliani, Mahesh
_91186
942 _2ddc
_cEN
_h343.54052
_mBHA
999 _c134829
_d134829